00328nam a2200133Ia 4500003000400000005001700004008004100021040001000062082001400072100002600086245005100112260001900163600001200182OSt20260518091504.0241002s9999 xx 000 0 und d cAACR2 a954.9 BUR aBurkie, Musarrat Mrs. 0aPakistan Storycedited by Mrs. Musarrat Burkie aKarachi:c1967 aHistory